| 000 | 01073nam a22002417a 4500 | ||
|---|---|---|---|
| 001 | 1734 | ||
| 005 | 20231211141726.0 | ||
| 020 | _a9781405276771 | ||
| 040 |
_aFISKH _beng _cFISKH _dFISKH |
||
| 082 | _a798.4 | ||
| 100 | _aMilton, Stephanie | ||
| 245 |
_aMinecraft / _bBeginner's Handbook |
||
| 250 | _aUpdated Edition | ||
| 260 |
_aLondon : _bEgmont, _c2015 |
||
| 300 |
_a95 pages : _c21 cm |
||
| 505 | _aX | ||
| 520 | _aYou're alone in a mysterious new world, full of hidden dangers. You have only minutes to find food and shelter before darkness falls and the monsters come looking for you. What do you do? The Official Minecraft Beginner's Handbook might just save your life. Learn how to make a shelter, find resources, craft tools, Armour and weapons, and protect yourself from monsters. With tips from Minecraft experts, as well as creator Notch himself, this is the definitive guide to how to survive your first few days in Minecraft. | ||
| 521 |
_a1050
_bLexile |
||
| 521 |
_aX
_bRaz-Plus |
||
| 650 | _aGames | ||
| 650 | _aSurvival | ||
| 942 |
_2ddc _cBK _n0 |
||
| 999 |
_c1734 _d1734 |
||